| 000 | 00329nam a2200121Ia 4500 | ||
|---|---|---|---|
| 008 | 231228s1992 xx 000 0 und d | ||
| 041 | _aeng | ||
| 082 |
_a332.6 LAL _bLAL |
||
| 100 | _aLAL (Jawahar) | ||
| 245 | _aUnderstanding Indian Investors | ||
| 260 |
_aNew Delhi _bGlobal Business Press New Delhi _c1992 |
||
| 300 | _avi, 128 | ||
| 999 |
_c1083755 _d1083755 |
||